Ekonomický časopis časopis pre marxisticko-leninskú ekonomickú teóriu

Guardado en:
Detalles Bibliográficos
Formato: Seriadas
Lenguaje:eslovaco
Publicado: Bratislava Veda 1986
Etiquetas: Agregar Etiqueta
Sin Etiquetas, Sea el primero en etiquetar este registro!

MARC

LEADER 00000nas2a2200000 4500
001 s033067
005 20250730114143.5
041 0 |a slo 
044 |a SK 
245 1 0 |a Ekonomický časopis  |b časopis pre marxisticko-leninskú ekonomickú teóriu 
264 1 |a Bratislava  |b Veda  |c 1986 
300 |a 2 zv. 
773 0 |w eu_un_cat*s120048